| 000 | 00927cad a22001935a 4500 | ||
|---|---|---|---|
| 001 | E141863 | ||
| 008 | 071221e20071212stk f s000 0 eng d | ||
| 035 | _a(Sirsi) u141863 | ||
| 041 | 0 | _aeng | |
| 110 | 1 |
_aScotland _bScottish Government _95344 |
|
| 245 | 0 | 0 |
_aCash for housing projects _h[electronic resource] |
| 260 | _c2007 | ||
| 490 | 0 |
_aScottish Government News Release _v21 December 2007 |
|
| 520 | _a£2.3 million in grants have been awarded to a range of voluntary sector housing projects across Scotland. The Scottish Government will fund 32 projects through the Housing Voluntary Sector Grants Scheme relating to homelessness, training, advice and research. | ||
| 651 | 4 |
_aScotland _y1999- |
|
| 690 | _aPROPERTY-RESIDENTIAL PROPERTY-DOMESTIC RESIDENTIAL PROPERTY-HOUSING | ||
| 856 | 4 | 1 |
_uhttps://www.scotland.gov.uk/News/Releases/2007/12/21121529 _zView the item free of charge at www.scotland.gov.uk... |
| 942 | _n0 | ||
| 999 |
_c79631 _d79631 |
||